Quess the Billie Eilish song:) - Statistics

General Stats
  • This quiz has been taken 3 times
  • The average score is 170 of 290
Answer Stats
Answer % Correct
a
100%
And
100%
and
100%
I
100%
in
100%
see
100%
should
100%
the
100%
what
100%
You
100%
you
100%
you)
100%
away,
67%
away
67%
bad
67%
Bad
67%
been
67%
can
67%
Can't
67%
could
67%
do
67%
don't
67%
Don't
67%
for
67%
get
67%
If
67%
if
67%
involved,
67%
involved
67%
it
67%
it's
67%
know
67%
look
67%
love
67%
make
67%
me
67%
on
67%
really
67%
say,
67%
say
67%
stay
67%
things
67%
to
67%
(to
67%
To
67%
wanna
67%
Wanna
67%
way
67%
would
67%
your
67%
you're
67%
You're
67%
are
33%
as
33%
back
33%
Cause
33%
clear
33%
come
33%
couldn't
33%
day
33%
gonna
33%
like
33%
listen
33%
lotion
33%
Monday?
33%
motion
33%
my
33%
need
33%
Not
33%
once
33%
oxytocin
33%
people
33%
rub
33%
run
33%
set
33%
she
33%
She
33%
sunday
33%
take
33%
they
33%
think
33%
through
33%
wall,
33%
wall?
33%
approve
0%
both
0%
break
0%
breathing
0%
collar
0%
doesn't
0%
even
0%
find
0%
God
0%
hard
0%
leaving
0%
long
0%
loosen
0%
obey
0%
of
0%
only
0%
Other
0%
pray
0%
same
0%
saw
0%
She'd
0%
still
0%
swallow
0%
treat
0%
up
0%
us
0%
well
0%
wouldn't
0%
yell
0%
(yell)
0%
No matching quizzes found
Score Distribution
Percent of People with Each Score
Percentile by Number Answered
Your Score History
You have not taken this quiz